00957nam a2200193 i 450000100060000000300090000600700030001500800410001808000180005924500580007726000320013530000560016749000430022350003490026650000340061561000460064983000430069585200250073886269ES-MaACLt|041221s1999 sp ||||1| spa d a7:069(753 W.)00aSmithsonian, Washington DC [hRecurso electrónico]. a[Madrid] : bActa, c[1999] a1 disco compacto (CD-ROM) : bson., col. ; c12 cm.1 aGrandes tesoros del arte mundial ; v7 aCaracterísticas del sistema: 486 DX o superior; Windows 3.1 o Windows 95; 8 Mb de memoria RAM; 3 Mb disponibles en el disco duro; pantalla 640 x 48s480, 32000 colores mínimo; lector de CD-Rom de doble velocidad; tarjeta Sound Blaster o compatible; Microsoft Mouse o compatible; altavoces o auriculares; ratón compatible Microsoft Windows. a"La Vanguardia", "Argentaria"27aSmithsonian American Art Museum-vCD-ROM.0 aGrandes tesoros del arte mundial ; v7 aES-MaACLjROT 1/6/18